A vizözön és egyéb elbeszélések

Bibliographic Details
Main Author: Biró, Lajos (Author)
Format: Book
Language:Hungarian
PhysicalDescription:227 s. 8°
Published: Budapest Athenaeum 1911

MARC

LEADER 00000nam a2200000 a 4500
001 vtls001327758
003 SK-MaSNL
005 20260301235620.0
008 240313s1911 HU 0 hun
035 |a SNK000280568 
040 |a SNK  |b slo  |c SNK  |e AACR2 
044 |a HU 
100 1 |a Biró, Lajos  |4 aut  |9 457529 
245 1 |a A vizözön és egyéb elbeszélések  |c Biró Lajos 
260 |a Budapest  |b Athenaeum  |c 1911 
300 |a 227 s.  |c 8° 
999 |c 975878  |d 977808 
952 |t P60, <03>, [BOOK], {603}  |a SNK  |b SNK  |y PREZ  |7 0  |o snkSD 58568  |i snkF 78/87  |0 0  |1 0  |4 0  |d 1998-04-15  |l 0  |r 2005-01-02 00:00:00  |w 2026-02-24